000 00475nam a22001817a 4500
003 OSt
008 260210b |||||||| |||| 00| 0 eng d
020 _a9780000988331
100 _aCobert, Barton
245 _aCoberts Manual of Drug Safety and Pharmacovigilance
250 _a3rd
260 _aChennai
_bWorld Scientfic
_c2020
300 _axxix, 494
650 _aPharmacovigilance
700 _aGregory, Willaim.W
700 _aThomas, Jean-loup
942 _2ddc
_cREF
999 _c13808
_d13808